[Event "Bremen Silvester op-B"]
[Site "Bremen"]
[Date "2022.12.29"]
[Round "6"]
[White "Storm, Max"]
[Black "Leimkuehler, Dirk"]
[Result "1/2-1/2"]
[WhiteElo "1601"]
[BlackElo "1788"]
[PlyCount "44"]
[EventDate "2022.12.27"]
[EventType "swiss"]
[EventRounds "7"]
[EventCountry "GER"]
[SourceTitle "CBM 211 Extra"]
[Source "ChessBase"]
[SourceDate "2023.01.31"]
[SourceVersion "1"]
[SourceVersionDate "2023.01.31"]
[SourceQuality "1"]

1. e4 d5 2. exd5 Qxd5 3. Nc3 Qd6 4. d4 c6 5. g3 Nf6 6. Bg2 Bf5 7. Nge2 e6 8. Bf4 Qd8 9. 0-0 Bd6 10. Bxd6 Qxd6 11. Nc1 Nbd7 12. Nb3 0-0 13. Re1 Rad8 14. Ne4 Nxe4 15. Bxe4 Bxe4 16. Rxe4 Nf6 17. Re1 Rd7 18. Qf3 b6 19. Rad1 Rfd8 20. Rd3 Nd5 21. c3 a5 22. Nd2 Qb8 1/2-1/2

[Event "Bremen Silvester op-B"]
[Site "Bremen"]
[Date "2022.12.28"]
[Round "3"]
[White "Meschke, Oliver"]
[Black "Storm, Max"]
[Result "0-1"]
[WhiteElo "1813"]
[BlackElo "1601"]
[PlyCount "60"]
[EventDate "2022.12.27"]
[EventType "swiss"]
[EventRounds "7"]
[EventCountry "GER"]
[SourceTitle "CBM 211 Extra"]
[Source "ChessBase"]
[SourceDate "2023.01.31"]
[SourceVersion "1"]
[SourceVersionDate "2023.01.31"]
[SourceQuality "1"]

1. Nc3 Nf6 2. e4 e5 3. f4 d6 4. Nf3 Bg4 5. h3 Bxf3 6. Qxf3 a6 7. Bc4 Nc6 8. Ne2 Be7 9. 0-0 0-0 10. c3 Na5 11. Bd3 c5 12. Bc2 Qb6 13. Kh1 Nc6 14. Rb1 Rad8 15. Ng3 d5 16. fxe5 dxe4 17. Qf5 g6 18. Qf4 Nd7 19. Nxe4 Ndxe5 20. Nf6+ Bxf6 21. Qxf6 Nd3 22. Bb3 Qc7 23. Bd1 Nxc1 24. Rxc1 Rxd2 25. c4 Qe5 26. Bc2 Qxf6 27. Rxf6 Nd4 28. Be4 Rxb2 29. Rcf1 Kg7 30. Kh2 Nf5 0-1